Les Luthiers - Espectáculos filmados - Estadísticas

Estadísticas generales
  • Esta prueba ha sido intentada 28 veces
  • La puntuación promedio es 35 de 113
Estadísticas de respuestas
% Correcto
7 1989 Viegésimo aniversario 5 El sendero de Warren Sánchez
88%
1 1979 Mastropiero que nunca
75%
1 1979 Mastropiero que nunca 11 Cantata del adelantado Don Rodrigo Díaz de Carreras, de sus hazañas en tierras de Indias, de los singulares acontecimientos en que se vio envuelto y de cómo se desenvolvió
63%
1 1979 Mastropiero que nunca 3 El asesino misterioso
63%
4 1998 Bromato de Armonio 8 La comisión
63%
1 1979 Mastropiero que nunca 7 Lazy Daisy
63%
13 2006 Los Premios Mastropiero
63%
13 2006 Los premios Mastropiero 1 Los Premios Mastropiero
63%
5 1999 Unen canto con humor 7 Perdónala
63%
8 2000 Todo por que rías 2 Radio Tertulia
63%
8 2000 Todo por que rías
63%
5 1999 Unen canto con humor 6 A la playa con Mariana
50%
4 1998 Bromato de Armonio
50%
1 1979 Mastropiero que nunca 12 El explicado
50%
3 1995 Grandes Hitos 6 Entreteniciencia familiar
50%
1 1979 Mastropiero que nunca 2 La bella y graciosa moza marchose a lavar la ropa
50%
6 1986 Humor Dulce Hogar 9 Las majas del bergantín
50%
11 2002 Las obras de ayer
50%
2 1980 Les Luthiers hacen muchas gracias de nada
50%
14 2009 Lutherapia
50%
1 1979 Mastropiero que nunca 10 Payada de la vaca
50%
6 1986 Humor Dulce Hogar 2 Serenata tímida
50%
8 2000 Todo por que rías 4 Serenata tímida
50%
10 1977 Viejos fracasos
50%
1 1979 Mastropiero que nunca 4 Visita a la Universidad de Wildstone
50%
2 1980 Les Luthiers hacen muchas gracias de nada 5 Canción para moverse
38%
2 1980 Les Luthiers hacen muchas gracias de nada 8 Cartas de color
38%
4 1998 Bromato de Armonio 6 Educación sexual moderna
38%
1 1979 Mastropiero que nunca 6 El beso de Ariadna
38%
5 1999 Unen canto con humor 4 El negro quiere bailar
38%
2 1980 Les Luthiers hacen muchas gracias de nada 2 El rey enamorado
38%
6 1986 Humor Dulce Hogar 3 El zar y un puñado de aristócratas rusos huyen de la persecución de los revolucionarios en un precario trineo, desafiando el viento, la nieve y el acecho de los lobos
38%
5 1999 Unen canto con humor 8 Fronteras de la ciencia
38%
7 1989 Viegésimo aniversario 1 Iniciación a las artes marciales
38%
2 1980 Les Luthiers hacen muchas gracias de nada 6 La gallina dijo eureka
38%
3 1995 Grandes Hitos 9 La hora de la nostalgia
38%
4 1998 Bromato de Armonio 2 La princesa caprichosa
38%
2 1980 Les Luthiers hacen muchas gracias de nada 4 La tanda
38%
8 2000 Todo por que rías 1 Lo que el sheriff se contó
38%
8 2000 Todo por que rías 10 Los jóvenes de hoy en día
38%
10 1977 Viejos fracasos 1 Miss Lilly Higgins sings shimmy in Mississippi's spring
38%
2 1980 Les Luthiers hacen muchas gracias de nada 9 Pieza en forma de tango (Tango op. 11)
38%
11 2002 Las obras de ayer 4 Quien conociera a María amaría a María
38%
5 1999 Unen canto con humor 5 San Ictícola de los peces
38%
8 2000 Todo por que rías 6 Serenata astrológica
38%
8 2000 Todo por que rías 9 Serenata intimidatoria
38%
3 1995 Grandes Hitos 2 Serenata medio oriental
38%
6 1986 Humor Dulce Hogar 4 Una canción regia
38%
5 1999 Unen canto con humor
38%
6 1986 Humor Dulce Hogar 1 Vea esta noche
38%
7 1989 Viegésimo aniversario
38%
5 1999 Unen canto con humor 9 Vote a Ortega
38%
5 1999 Unen canto con humor 3 Así hablaba Sali Baba
25%
6 1986 Humor Dulce Hogar 10 Bolero de los celos
25%
11 2002 Las obras de ayer 6 Canción a la independencia de Feudalia
25%
7 1989 Viegésimo aniversario 6 Concierto de Mpkstroff
25%
10 1977 Viejos fracasos 8 Concierto de Mpkstroff
25%
8 2000 Todo por que rías 5 Daniel y el Señor
25%
7 1989 Viegésimo aniversario 4 El acto en Banania
25%
5 1999 Unen canto con humor 1 El regreso del indio
25%
7 1989 Viegésimo aniversario 3 Encuentro en el restaurante
25%
3 1995 Grandes Hitos
25%
6 1986 Humor Dulce Hogar
25%
1 1979 Mastropiero que nunca 1 Jingle bass pipe
25%
11 2002 Las obras de ayer 1 La balada del 7º regimiento
25%
2 1980 Les Luthiers hacen muchas gracias de nada 1 La campana suonerá
25%
4 1998 Bromato de Armonio 4 La hija de Escipión
25%
8 2000 Todo por que rías 3 Loas al cuarto de baño
25%
5 1999 Unen canto con humor 2 Manuel Darío
25%
4 1998 Bromato de Armonio 1 Para Elisabeth
25%
6 1986 Humor Dulce Hogar 8 Pasión bucólica
25%
14 2009 Lutherapia 3 Pasión bucólica
25%
13 2006 Los premios Mastropiero 8 Pepper Clemens sent the messenger: nevertheless the reverend left the herd
25%
1 1979 Mastropiero que nunca 8 Poemas de Gemini
25%
4 1998 Bromato de Armonio 7 Quién mató a Tom McCoffee
25%
14 2009 Lutherapia 6 Rhapsody in balls
25%
7 1989 Viegésimo aniversario 2 Romance del joven conde, la sirena y el pájaro cucú. Y la oveja
25%
10 1977 Viejos fracasos 3 Serenata mariachi
25%
2 1980 Les Luthiers hacen muchas gracias de nada 3 Sinfonía interrumpida
25%
2 1980 Les Luthiers hacen muchas gracias de nada 7 Trío opus 115
25%
6 1986 Humor Dulce Hogar 5 Truthful Lulu pulls thru zulus
25%
13 2006 Los premios Mastropiero 7 Valdemar y el Hechicero
25%
13 2006 Los premios Mastropiero 4 Ya no te amo, Raúl
25%
14 2009 Lutherapia 9 Aria agraria
13%
15 Chist!
13%
14 2009 Lutherapia 1 El cruzado, el arcángel y la harpía
13%
14 2009 Lutherapia 10 El día del final
13%
14 2009 Lutherapia 7 El flautista y las ratas
13%
13 2006 Los premios Mastropiero 5 Ella me engaña con otro
13%
6 1986 Humor Dulce Hogar 6 El valor de la unidad
13%
8 2000 Todo por que rías 8 Gloria de Mastropiero
13%
13 2006 Los premios Mastropiero 6 Juana Isabel
13%
1 1979 Mastropiero que nunca 5 Kathy, la reina del saloon
13%
4 1998 Bromato de Armonio 5 La redención del vampiro
13%
4 1998 Bromato de Armonio 3 La vida es hermosa
13%
6 1986 Humor Dulce Hogar 7 Les nuits de Paris
13%
10 1977 Viejos fracasos 5 Les nuits de Paris
13%
8 2000 Todo por que rías 7 Me engañaste una vez más
13%
7 1989 Viegésimo aniversario 7 Mi bebé es un tesoro
13%
10 1977 Viejos fracasos 2 Muerte y despedida del Dios Brotan
13%
10 1977 Viejos fracasos 9 Oi Gadóñaya
13%
14 2009 Lutherapia 4 Paz en la campiña
13%
10 1977 Viejos fracasos 7 Recitado gauchesco
13%
10 1977 Viejos fracasos 6 Si no fuera santiagueño
13%
15 2013 Chist 4 Sólo necesitamos
13%
7 1989 Viegésimo aniversario 8 Somos adolescentes, mi pequeña
13%
1 1979 Mastropiero que nunca 9 Sonatas para latín y piano
13%
13 2006 Los premios Mastropiero 2 Amor a primera vista
0%
14 2009 Lutherapia 8 Dilema de amor
0%
14 2009 Lutherapia 2 Dolores de mi vida
0%
10 1977 Viejos fracasos 4 Epopeya de Edipo de Tebas
0%
14 2009 Lutherapia 5 Las bodas del Rey Pólipo
0%
13 2006 Los premios Mastropiero 3 Los milagros de San Dádivo
0%
No se encontraron pruebas coincidentes
Distribución de puntuación
Porcentaje de gente con cada puntuación
Porcentaje por número respondido
Historial de tus puntuaciones
No has intentado esta prueba.